000 00799nam a2200301Ia 4500
001 Z_4811
003 CHAP
008 220113s2000 xx 000 0 und d
010 _a167864
040 _cCHAP
082 _a636.214 H63
100 _aHogeveen, H
_955827
245 _aRobotic milking /
_cpor H Hogeveen
260 _aThe Netherlan :
_bWageningen,,
_c2000
300 _a309 p.
440 _a
500 _aProceedings of the international symposium held in Lelystad, The Netherlands (2000)
503 _a216770
650 _aGanado lechero
_xAvances tecnológicos
_9142120
650 _aGanado lechero
_xCongresos
_945248
650 _aRobots en ganaderia
_9142121
901 _a636.214 H63
902 _aA
910 _a2000
942 _c1
942 _cc1
999 _c167864
_d167864